Culture Générale - Série 329 - Statistiques

Statistiques générales
  • Ce quiz a été pris 277 fois
  • Le résultat moyen est 6 sur 10
Statistiques - réponses
Question Réponse % Correct
Selon le proverbe, combien d'avis "valent mieux qu'un" ? Deux
91%
Quel nombre s'écrit XC en chiffres romains ? 90
81%
De quel pays l'Alberta est-elle une province ? Le Canada
76%
Quelle est la capitale du Mali ? Bamako
74%
Quel titre porte la candidate arrivée seconde au concours de Miss France ? Première dauphine
70%
Que vous donne un Québécois si vous recevez un "bec" de sa part ? Un baiser
65%
Quelle trompe est située dans l'oreille ? Trompe d'Eustache
63%
Quelle comédienne est la mère de Christian Vadim ? Catherine Deneuve
41%
Communément, qu'est-ce qu'une "lourde" en argot ? Une porte
35%
Quel personnage est le héros de la chanson "Soirée disco" en 1995 ? Boris
25%
Aucun quiz correspondant
Distribution des résultats
% des personnes avec chaque résultat
Percentile par nombre de réponses
Votre historique - résultats
Vous n’avez pas pris ce quiz